• 首页
  • 本馆介绍
  • 公告通知
  • 最新文献
  • 馆藏检索
  • 电子资源
  • 读者导购
  • 参考咨询
  • 我的图书馆
  • 登录
  • 详细信息显示
  • 放入我的书架
  • 预约/预借图书
  • 作者相关作品
  • 分类相关作品
  • 丛书相关作品
  • 出版社相关作品

书目信息

  • 表格格式
  • 工作单格式
  • 卡片格式
题名:
肾炎的中西医诊断与治疗
    
 
作者: 黄泰康 , 张荣春 总编 ;张荣春 主编
分册:  
出版信息: 北京   中国医药科技出版社  2001
页数: 225页
开本: 18cm
丛书名: 中西医诊断与治疗丛书
单 册:
中图分类: R692.3
科图分类:
主题词: 肾炎--中西医结合疗法 , 肾炎 , 中西医结合疗法
电子资源:
ISBN: 7-5067-2329-8
000 01283nam0 2200373 450
000 01248nam0 2200361 450
000 01211nam0 2200349 450
000 01120nam0 2200337 450
000 01083nam0 2200325 450
000 01016oam2 2200301 450
001 0104000022
005 20061025103948.85
010    @a7-5067-2329-8@dCNY12.00
100    @a20050927d2001 em y0chiy0110 ea
101 0  @achi@eeng
102    @aCN@b110000
105    @ay z 000yy
200 1  @a肾炎的中西医诊断与治疗@Ashen yan de zhong xi yi zhen duan yu zhi liao@f张荣春等主编@Fzhang rong chun deng zhu bian
210    @a北京@c中国医药科技出版社@d2001
215    @a225页@d18cm
225 2  @a中西医诊断与治疗丛书@v16
330    @a本书主要内容包括:中西医对肾的认识;急性肾小球肾炎;急进性肾小球肾炎;慢性肾小球肾炎;隐匿性肾小球肾炎等。
461  0 @12001 @a中西医诊断与治疗丛书@v16
606 0  @a肾炎@x中西医结合疗法
606 0  @a肾炎
606 0  @a中西医结合疗法
690    @aR692.3@v4
701  0 @a黄泰康@9huang tai kang@4总编
701  0 @a张荣春@Azhang rong chun@4主编
702  0 @a张荣春@9zhang rong chun@4主编
801  0 @aCN@b北京荣雅伟业图书经销中心@c20061025
905    @aBZT@dR692.3@e3
906    @dCNY12.00@n0@r1
    
    肾炎的中西医诊断与治疗/张荣春等主编.-北京:中国医药科技出版社,2001
    225页;18cm.-(中西医诊断与治疗丛书;16)
    
    
    ISBN 7-5067-2329-8:CNY12.00
    本书主要内容包括:中西医对肾的认识;急性肾小球肾炎;急进性肾小球肾炎;慢性肾小球肾炎;隐匿性肾小球肾炎等。
●
相关链接 在五车中查询图书 在当当中查询图书 在豆瓣中查询图书


正题名:肾炎的中西医诊断与治疗     索取号:R692.3/3         预约/预借

序号 登录号 条形码 馆藏地/架位号 状态 备注
1 510056   230093115   中心书库中库/ 中库012架A面4列1层28/ [索取号:R692.3/3] 在馆    
2 510057   230093114   中心书库中库/ 中库012架A面4列1层29/ [索取号:R692.3/3] 在馆    
3 510058   230093113   中心书库中库/ 中库012架A面4列1层31/ [索取号:R692.3/3] 在馆    
4 510059   230093112   中心书库中库/ 中库012架A面4列1层32/ [索取号:R692.3/3] 在馆    
5 510060   230093111   中心书库中库/ 中库012架A面4列1层30/ [索取号:R692.3/3] 在馆    
山东省滨州职业学院图书馆 欢迎您!
大连网信软件有限公司© 版权所有